The country of birches : (Record no. 343744)
[ view plain ]
| 000 -LEADER | |
|---|---|
| fixed length control field | 00480nam a2200193Ia 4500 |
| 008 - FIXED-LENGTH DATA ELEMENTS--GENERAL INFORMATION | |
| fixed length control field | 170918s9999 xx 000 0 und d |
| 020 ## - INTERNATIONAL STANDARD BOOK NUMBER | |
| International Standard Book Number | 312208863 |
| 050 ## - LIBRARY OF CONGRESS CALL NUMBER | |
| Item number | K147co 1998 |
| 100 ## - MAIN ENTRY--PERSONAL NAME | |
| Personal name | Kalman, Judith |
| 245 #4 - TITLE STATEMENT | |
| Title | The country of birches : |
| 245 ## - TITLE STATEMENT | |
| Remainder of title | stories / |
| 245 ## - TITLE STATEMENT | |
| Statement of responsibility, etc | stories by Judith Kalman. |
| 260 ## - PUBLICATION, DISTRIBUTION, ETC. (IMPRINT) | |
| Place of publication, distribution, etc | British Columbia : |
| 260 ## - PUBLICATION, DISTRIBUTION, ETC. (IMPRINT) | |
| Name of publisher, distributor, etc | St. Martin's Griffin, |
| 260 ## - PUBLICATION, DISTRIBUTION, ETC. (IMPRINT) | |
| Date of publication, distribution, etc | 1998 |
| 300 ## - PHYSICAL DESCRIPTION | |
| Extent | 183 pages : |
| 300 ## - PHYSICAL DESCRIPTION | |
| Other physical details | illustrations ; |
| 300 ## - PHYSICAL DESCRIPTION | |
| Dimensions | 21cm. |
| Withdrawn status | Lost status | Damaged status | Home library | Current library | Date acquired | Total Checkouts | Full call number | Barcode | Date last seen | Price effective from | Koha item type |
|---|---|---|---|---|---|---|---|---|---|---|---|
| Stonyhurst Southville International School (Malarayat) | Stonyhurst Southville International School (Malarayat) | 09/18/2017 | FIC K147co 1998 | SSISM2816 | 09/18/2017 | 09/18/2017 | Books |